|
|
|
|
| LEADER |
00000nam2a2200000 4500 |
| 001 |
281876 |
| 005 |
20231101235438.0 |
| 035 |
|
|
|a (RuTPU)RU\TPU\book\305727
|
| 035 |
|
|
|a RU\TPU\book\224371
|
| 090 |
|
|
|a 281876
|
| 100 |
|
|
|a 20150127d1984 k y0rusy50 ca
|
| 101 |
0 |
|
|a rus
|
| 102 |
|
|
|a RU
|
| 105 |
|
|
|a a z 001zy
|
| 200 |
0 |
|
|a Т. 3 : Топливные циклы реакторов на тепловых нейтронах
|f Е. В. Бурлаков, А. К. Калугин
|
| 210 |
|
|
|d 1984
|
| 215 |
|
|
|a 63 с.
|c ил.
|
| 320 |
|
|
|a Библиогр.: с. 56-62
|
| 461 |
|
1 |
|0 (RuTPU)RU\TPU\book\224002
|t Атомная энергетика
|f Академия наук СССР (АН СССР), Всесоюзный институт научной и технической информации (ВИНИТИ)
|v Т. 3 : Топливные циклы реакторов на тепловых нейтронах
|d 1976-1991
|s Атомная энергетика
|
| 606 |
|
|
|a Атомная энергетика
|2 stltpush
|3 (RuTPU)RU\TPU\subj\29676
|9 52954
|
| 610 |
1 |
|
|a ядерные реакторы
|
| 610 |
1 |
|
|a топливные циклы
|
| 610 |
1 |
|
|a тепловые нейтроны
|
| 610 |
1 |
|
|a ядерное топливо
|
| 610 |
1 |
|
|a экономия
|
| 610 |
1 |
|
|a выгорающие поглотители
|
| 675 |
|
|
|a 621.039
|v 3
|
| 700 |
|
1 |
|a Бурлаков
|b Е. В.
|
| 701 |
|
1 |
|a Калугин
|b А. К.
|
| 801 |
|
1 |
|a RU
|b 63413507
|c 20111215
|
| 801 |
|
2 |
|a RU
|b 63413507
|c 20170621
|g RCR
|
| 942 |
|
|
|c BK
|